|
|
|
|
| LEADER |
00000cam a2200000 7i4500 |
| 001 |
0000004254 |
| 005 |
20070806.0 |
| 008 |
070725 |
| 020 |
|
|
|a 9831541456
|
| 090 |
0 |
0 |
|a JF
|b BIO MAL (5208)
|
| 100 |
0 |
|
|a Abbie Manaf
|
| 245 |
1 |
0 |
|a Tokoh muzik terkenal
|c Abbie Manaf
|
| 260 |
|
|
|a Selangor :
|b Sejati books ,
|c 2005
|
| 440 |
|
|
|a Evolusi seni muzik
|
| 650 |
|
0 |
|a Biografi
|x Muzik history and critism
|
| 650 |
|
0 |
|a Malay fiction
|
| 999 |
|
|
|a 0000914866
|b Book
|c Teenagers
|e Cawangan Bandar Tenggara
|
| 999 |
|
|
|a 0000914867
|b Book
|c Teenagers
|e Cawangan Bandar Tenggara
|
| 999 |
|
|
|a 0000973201
|b Book
|c Children Collection
|e Cawangan Bukit Gambir
|
| 999 |
|
|
|a 0000973202
|b Book
|c Children Collection
|e Perbadanan Perpustakaan Awam Johor
|
| 999 |
|
|
|a 0000973203
|b Book
|c Children Collection
|e Cawangan Muar
|
| 999 |
|
|
|a 0000973205
|b Book
|c Children Collection
|e Perbadanan Perpustakaan Awam Johor
|